| 000 | 00777nam a22002297a 4500 | ||
|---|---|---|---|
| 003 | UA-OsUOA | ||
| 001 | 76386 | ||
| 007 | ta | ||
| 008 | 20110630b un ||||| |||| 00| 0 ukr d | ||
| 090 |
_a268(075) _bО-75 |
||
| 942 | _cBK | ||
| 040 |
_aUA-OsUOA _bukr _cUA-OsUOA _dUA-OsUOA |
||
| 245 |
_aОснови християнської етики 1 - 4 класи _bнавчальна програма для загальноосвітніх навчальних закладів _cвідп. за вип. С.В.Хрустальова |
||
| 300 | _a48 с. | ||
| 955 | _a2 | ||
| 041 | _aukr | ||
| 080 | _a268(075) | ||
| 020 | _a978-966-178-124-4 | ||
| 260 |
_aК. _bЛітера _c2010 |
||
| 650 | 7 |
_a26 Християнська Церква загалом _2UDC |
|
| 999 |
_c362691 _d362691 |
||